Every Circuit Max Verstappen Has Won at - Statistics

General Stats
  • This quiz has been taken 3 times
  • The average score is 8 of 25
Answer Stats
Hint Answer % Correct
2021 Circuit of the Americas
100%
2016 Circuit de Barcelona-Catalunya
67%
2021 Circuit de Monaco
67%
2023 Albert Park Circuit
33%
2021 Autodromo Enzo e Dino Ferrari
33%
2017 Autódromo Hermanos Rodríguez
33%
2023 Bahrain International Circuit
33%
2021 Baku City Circuit
33%
2021 Circuit de Spa-Francorchamps
33%
2022 Circuit Gilles Villeneuve
33%
2021 Circuit Paul Ricard
33%
2021 Circuit Zandvoort
33%
2019 Hockenheimring
33%
2022 Hungaroring
33%
2023 Las Vegas Strip Circuit
33%
2023 Lusail International Circuit
33%
2022 Miami International Autodrome
33%
2018 Red Bull Ring
33%
2017 Sepang International Circuit
33%
2024 Shanghai International Circuit
33%
2020 Yas Marina Circuit
33%
2022 Autodromo Nazionale Monza
0%
2019 Interlagos Circuit
0%
2022 Jeddah Corniche Circuit
0%
2022 Suzuka Circuit
0%
No matching quizzes found
Score Distribution
Percent of People with Each Score
Percentile by Number Answered
Your Score History
You have not taken this quiz